| 000 | 01306nam a2200313 a 4500 | ||
|---|---|---|---|
| 001 | BRCA_3133 | ||
| 005 | 20190320204128.0 | ||
| 008 | 040209s1864----fr-a---###---#000-0#fre-u | ||
| 041 | _afre | ||
| 044 | _afr | ||
| 084 |
_a436 _b.M36 _c1864 |
||
| 100 | 1 |
_aCervantes Saavedra, Miguel de _d1547-1616 _9213 |
|
| 245 | 1 | 0 |
_aL´Ingénieux Chevallier Don Quichotte de la Manche _cpar Miguel de Cervantes Saavedra. |
| 260 |
_aTours (Francia) _bAlfred Mame _c1864 |
||
| 300 |
_aviii, 552 p. _bil. _c25 cm. |
||
| 500 | _aContenido : Primera parte. Aviso del traductor. Texto. Segunda parte. Texto | ||
| 500 | _aEdición : Traduction nouvelle. Illustrations par Granville | ||
| 500 | _aReimpresión de la edición de 1858, publicada por la misma Casa editorial. Semipiel; lomo decorado con filetes dorados; cortes dorados también Lúdovik Osterc | ||
| 500 | _aQM371(?) | ||
| 546 | _aTexto en : francés | ||
| 650 | 1 | 4 |
_aNovela española _yÉpoca clásica, 1500-1700 _9215 |
| 650 | 1 | 4 |
_aLiteratura española _yÉpoca clásica, 1500-1700 _9216 |
| 650 | 1 | 4 |
_aNovela española _ySiglo XVII _9217 |
| 650 | 1 | 4 |
_aDon Quijote (Personaje ficticio) _eNovela _9218 |
| 700 | 1 |
_aGranville, J.J. _d1803-1847 _eIlustrador _98493 |
|
| 740 | 0 | _aEl Ingenioso Hidalgo Don Quijote de la Mancha | |
| 902 | _aQFM | ||
| 942 |
_2lcc _cB |
||
| 999 |
_c2869 _d2869 |
||